Statistics for Biggest Cities of Europe in 500 AD with a Map

Click here to take the quiz!

General Stats

  • This quiz has been taken 119 times
  • The average score is 36 of 90

Answers on the Map

Answers color-coded by a green-red scale on the quiz's map according to % correct below.
 

Answer Stats

PopulationCity% Correct
400kConstantinople
(Istanbul)
99%
4kParisios
(Paris)
99%
200kRoma
(Rome)
99%
15kMediolanum
(Milan)
98%
10kAthenae
(Athens)
97%
4kGenua
(Genoa)
95%
8kLugdunum
(Lyon)
95%
15kNeapolis
(Naples)
95%
5kMasilia
(Marseille)
93%
35kThessalonica
(Thessaloniki)
91%
5kAugusta Taurinorum
(Turin)
89%
4kPanormus
(Palermo)
89%
5kSpalis
(Seville)
89%
5kTolosa
(Toulouse)
88%
9kCorduba
(Córdoba)
85%
20kSyracusae
(Syracuse)
85%
9kCaralis
(Cagliari)
80%
10kToletum
(Toledo)
77%
5kCaesaraugusta
(Zaragoza)
75%
10kRavenna
75%
5kVerona
72%
7kOdessus
(Varna)
71%
6kCatana
(Catania)
70%
20kCorinthus
(Archaia Korinthos)
70%
6kMessana
(Messina)
70%
10kPhilippopolis
(Plovdiv)
63%
5kDyrrhachium
(Durrës)
59%
7kHadrianopolis
(Edirne)
58%
5kRegium
(Reggio Calabria)
54%
4kRegium Lepidi
(Reggio Emilia)
54%
5kMutina
(Modena)
53%
4kAncona
50%
5kMettis
(Metz)
48%
15kOstia Antica
(Ostia)
48%
4kBracara Augusta
(Braga)
47%
5kTreveris
(Trier)
46%
4kPictavium
(Poitiers)
44%
4kAriminium
(Rimini)
43%
4kThebae
(Thebes)
40%
5kTicinum
(Pavia)
37%
8kAugusta Emerita
(Mérida)
35%
4kConstantiana
(Constanța)
35%
4kHasta Regia
(Jerez de la Frontera)
34%
10kAgrigentum
(Agrigento)
32%
5kBeneventum
(Benevento)
32%
5kBrundisium
(Brindisi)
32%
12kCapua
32%
5kArretium
(Arezzo)
29%
6kLilybaeum
(Marsala)
28%
6kScodra
(Shkodër)
27%
8kCnossus
(Knossos)
25%
4kHadria
(Atri)
25%
4kArgos
22%
4kInteramna Nahars
(Terni)
18%
6kSalona
(Solin)
17%
7kAstigi
(Écija)
16%
4kLissus
(Lezhë)
16%
4kEdessa
15%
4kGanus
(Shumen)
15%
8kGortyna
(Gortyn)
15%
8kTuida
(Sliven)
15%
4kForum Cornelii
(Imola)
14%
5kAmphipolis
(Amfipoli)
13%
8kPhilippi
(Filippoi)
12%
4kBalsa
(Tavira)
11%
7kMaximianopolis
(Komotini)
11%
5kNicopolis
(Preveza)
11%
4kTibur
(Tivoli)
11%
4kAsculum
(Ascoli Piceno)
10%
5kHeraclea
(Marmara Ereğlisi)
10%
7kLuceria
(Lucera)
10%
5kThermae Himeraeae
(Termini Imerese)
10%
4kTraianopolis
(Traianopolis)
10%
6kAnchialus
(Pomorie)
9%
7kIguvium
(Gubbio)
9%
8kBeroea
(Veria)
8%
5kDeveltus
(Debelt)
7%
5kMaronea
(Maroneia)
7%
5kAmiternum
(San Vittorino)
6%
5kCassandrea
(Nea Poteidaia)
6%
4kCortona
6%
6kTanagra
6%
4kTarracina
(Terracina)
6%
4kVenusia
(Venosa)
6%
4kAbdera
5%
4kAmantia
(Ploç)
5%
6kDiocletianopolis
(Hisarya)
5%
5kMarcianopolis
(Devnya)
5%
6kAcanthus
(Ierissos)
4%
8kThespiae
(Thespies)
4%

Score Distribution

Percentile by Number Answered

Percent of People with Each Score

Your Score History

You have not taken this quiz